Lewis on the Material Conditional (Record no. 530356)
[ view plain ]
| 000 -CABECERA | |
|---|---|
| Campo de control de longitud fija | 00473nab a2200145Ia 4500 |
| 003 - IDENTIFICADOR DEL NÚMERO DE CONTROL | |
| Campo de control | ES-SlBCS |
| 005 - FECHA Y HORA DE LA ÚLTIMA TRANSACCIÓN | |
| Campo de control | 20210601125434.0 |
| 008 - CÓDIGOS DE INFORMACIÓN DE LONGITUD FIJA | |
| Campo de control de longitud fija | 140529s1983 xxu||||| |||| 00| 0 eng d |
| 041 ## - CÓDIGO DE LENGUA | |
| Código de lengua del texto/banda sonora o título independiente | eng |
| 100 1# - PUNTO DE ACCESO PRINCIPAL-NOMBRE DE PERSONA | |
| Nombre de persona | Appiah, Anthony |
| 9 (RLIN) | 151568 |
| 245 00 - MENCIÓN DE TÍTULO | |
| Título | Lewis on the Material Conditional |
| Mención de responsabilidad, etc. | Anthony Appiah |
| 600 14 - PUNTO DE ACCESO ADICIONAL DE MATERIA-NOMBRE DE PERSONA | |
| Nombre personal | Lewis, David |
| 9 (RLIN) | 132381 |
| 773 0# - ENLACE AL DOCUMENTO FUENTE | |
| Título | Rassegna Internazionale di Logica (Cfr. International Logic Review) |
| Parte(s) relacionada(s) | vol. 14, nº. 27, 1983, págs. 28-36 |
| Número de control del registro relacionado | Rev926 |
| 942 ## - ENTRADA DE ELEMENTOS AGREGADOS (KOHA) | |
| Koha [por defecto] tipo de item | Artículos de revista |
| Suprimido | Perdido | Estropeado | No para préstamo | Localización permanente | Localización actual | Localización en estantería | Fecha adquisición | Préstamos totales | Fecha última consulta | Fecha del precio de reemplazo | Tipo de item de Koha |
|---|---|---|---|---|---|---|---|---|---|---|---|
| San Esteban | San Esteban | Depósito de revistas | 11/07/2014 | 11/07/2014 | 11/07/2014 | Artículos de revista |
